Central Library OPAC University of Rajshahi

China and her shadow / (Record no. 27160)

MARC details
000 -LEADER
fixed length control field 00649nam a2200241u 4500
001 - CONTROL NUMBER
control field 27160
003 - CONTROL NUMBER IDENTIFIER
rucl marc code BD-RjUL
005 - DATE AND TIME OF LATEST TRANSACTION
control field 20211209051124.0
008 - FIXED-LENGTH DATA ELEMENTS--GENERAL INFORMATION
fixed length control field 140324t19611960enka 001 0 eng
035 ## - SYSTEM CONTROL NUMBER
System control number (BD-RjUL)27231
040 ## - CATALOGING SOURCE
Original cataloging agency DLC
Transcribing agency CarP
Modifying agency BD-RjUL
Language of cataloging eng
041 ## - LANGUAGE CODE
Language code of text/sound track or separate title eng
082 04 - DEWEY DECIMAL CLASSIFICATION NUMBER
Classification number 951.05
Author mark and year MEC 1961
100 1# - MAIN ENTRY--PERSONAL NAME
Personal name Mende, Tibor.
9 (RLIN) 72284
245 10 - TITLE STATEMENT
Title China and her shadow /
Statement of responsibility, etc. Tibor Mende
260 ## - PUBLICATION, DISTRIBUTION, ETC. (IMPRINT)
Place of publication, distribution, etc. London :
Name of publisher, distributor, etc. Thames and Hudson,
Date of publication, distribution, etc. c1960 [1961].
300 ## - PHYSICAL DESCRIPTION
Pagination 360 p. :
Illustrations ill. ;
Size 22 cm.
504 ## - BIBLIOGRAPHY, ETC. NOTE
Bibliography, etc Includes index.
650 #0 - SUBJECT ADDED ENTRY--TOPICAL TERM
Topical term or geographic name as entry element Communism
Geographic subdivision China.
9 (RLIN) 83380
942 ## - ADDED ENTRY ELEMENTS (KOHA)
Source of classification or shelving scheme Dewey Decimal Classification
Koha item type Books
Holdings
Lost status Source of classification or shelving scheme Damaged status Not for loan Collection code Permanent Location Current Location Shelving location Date acquired Source of acquisition Cost, normal purchase price Total Checkouts Full call number Date last seen Copy number Koha item type
  Dewey Decimal Classification   Added to bundle Non-fiction Central Library, University of Rajshahi Central Library, University of Rajshahi Reading Room 11/09/1990 Shaukat Osman 0.00   951.05 MEC 1961 24/03/2014 C-1 Books